[Event "Mittelfranken-chTB2b 1819"]
[Site "Mittelfranken"]
[Date "2019.04.28"]
[Round "9.6"]
[White "Uhlendorff, Daniel"]
[Black "Pfaller, Richard"]
[Result "0-1"]
[WhiteElo "1547"]
[BlackElo "1564"]
[PlyCount "80"]
[EventDate "2018.10.14"]
[EventType "team-tourn"]
[EventRounds "9"]
[EventCountry "GER"]
[SourceTitle "EXT 2022"]
[Source "ChessBase"]
[SourceDate "2021.10.06"]
[SourceVersion "1"]
[SourceVersionDate "2021.10.06"]
[SourceQuality "1"]
[WhiteTeam "Muehlhof/Schwabach II"]
[BlackTeam "Nuernberg Sued SW III"]
[WhiteTeamCountry "GER"]
[BlackTeamCountry "GER"]

1. e4 c5 2. d3 e6 3. c4 Nc6 4. Bf4 d6 5. f3 Be7 6. Ne2 Nf6 7. Nec3 a6 8. Be2 Nd7 9. 0-0 Nd4 10. Na3 b6 11. Nc2 e5 12. Be3 0-0 13. Nd5 Nf6 14. Nxe7+ Qxe7 15. Bg5 h6 16. Bh4 Ne6 17. Ne3 Nc7 18. Ng4 Bxg4 19. fxg4 g5 20. Be1 Nd7 21. b4 Ne6 22. bxc5 bxc5 23. Rb1 Rab8 24. Ba5 Rxb1 25. Qxb1 Rb8 26. Qc2 Nd4 27. Qd1 Nf8 28. Bc3 Nfe6 29. g3 Qa7 30. Rf6 Kg7 31. Qf1 Nxe2+ 32. Kg2 Nxc3 33. h4 Qd7 34. Kh3 Nf4+ 35. gxf4 gxf4 36. Rf5 f6 37. g5 fxg5 38. hxg5 Qe6 39. Qg2 Qg6 40. gxh6+ Kxh6 0-1